|
|
|
|
| LEADER |
00000nam0a2200000 4500 |
| 001 |
95578 |
| 005 |
20231101214022.0 |
| 035 |
|
|
|a (RuTPU)RU\TPU\book\102340
|
| 090 |
|
|
|a 95578
|
| 100 |
|
|
|a 20060429d1960 km y0rusy50 ca
|
| 101 |
0 |
|
|a rus
|
| 102 |
|
|
|a RU
|
| 105 |
|
|
|a a j 001zy
|
| 200 |
1 |
|
|a История физики и техники
|e учебное пособие для студентов педагогических институтов
|f П. С. Кудрявцев, И. Я. Конфедератов
|
| 210 |
|
|
|a Москва
|c Просвещение
|d 1960
|
| 215 |
|
|
|a 507 с.
|c ил.
|
| 320 |
|
|
|a Библиогр.: с. 492-494.
|
| 606 |
1 |
|
|a Физика
|x История
|2 stltpush
|3 (RuTPU)RU\TPU\subj\42263
|9 61950
|
| 606 |
1 |
|
|a Техника
|x История
|2 stltpush
|3 (RuTPU)RU\TPU\subj\68282
|9 83710
|
| 610 |
1 |
|
|a история
|
| 610 |
1 |
|
|a учебные пособия
|
| 610 |
1 |
|
|a первобытное общество
|
| 610 |
1 |
|
|a рабовладельческое общество
|
| 610 |
1 |
|
|a феодальное общество
|
| 610 |
1 |
|
|a капитализм
|
| 610 |
1 |
|
|a империализм
|
| 610 |
1 |
|
|a Великая Октябрьская социалистическая революция
|
| 675 |
|
|
|a 53(09)(075.8)
|v 3
|
| 675 |
|
|
|a 62(09)(075.8)
|v 3
|
| 700 |
|
1 |
|a Кудрявцев
|b П. С.
|g Павел Степанович
|
| 701 |
|
1 |
|a Конфедератов
|b И. Я.
|g Иван Яковлевич
|
| 801 |
|
1 |
|a RU
|b 63413507
|c 20060429
|g PSBO
|
| 801 |
|
2 |
|a RU
|b 63413507
|c 20150914
|g PSBO
|
| 942 |
|
|
|c BK
|